The Stupendium - Ad Infinitum Lyrics - Statistics

General Stats
  • This quiz has been taken 5 times
  • The average score is 707 of 1290
Answer Stats
Lyrics % Correct
[$!$$]
100%
A…
100%
A
100%
a
100%
you
100%
YOU
100%
Y OU
100%
YOU!
100%
YOU?
100%
You
100%
Y O U.
100%
[[You
100%
YOU.
100%
BE
80%
Be
80%
BELIEVE
80%
BETTER
80%
CAN???
80%
CAN
80%
can]]
80%
CAN!!!
80%
…can
80%
CAR
80%
CAT
80%
Cat
80%
DEAL!!!
80%
Deal]]
80%
DEAL$
80%
DEALS
80%
DEALS!!
80%
DO
80%
[[Do
80%
DON'T
80%
Don't
80%
DON'T.
80%
GO!
80%
GO!!!
80%
HEY-
80%
H EY
80%
HEY !!!
80%
HEY
80%
[[Hey
80%
I
80%
JARGON
80%
LOOK
80%
OH
80%
RIGHT
80%
the
80%
THE
80%
The
80%
TIME,
80%
WHO
80%
WON'T
80%
5
60%
AN
60%
AND
60%
and
60%
AT
60%
BARGAINS
60%
BEAN????
60%
BEAN
60%
BEFORE
60%
BEFORE!!!
60%
BETTERED
60%
[[BIG
60%
Big
60%
[[Big
60%
BOBCAT???
60%
BOMB???
60%
BOMBER
60%
BUT
60%
BY
60%
by
60%
CARD
60%
CASH
60%
[[Cash
60%
[[Clown
60%
CREDIT
60%
DARKNER
60%
DOOR
60%
EAT
60%
FOOD??
60%
for
60%
FOR
60%
FREE
60%
FUN
60%
GOT
60%
GUARANTEE
60%
HA
60%
HAEAHAEAHAEAHAEA!!
60%
HAS
60%
HEAR
60%
hear
60%
HEART
60%
HERE,
60%
HERE
60%
HERE'S
60%
here's
60%
IF
60%
IN
60%
In
60%
IS
60%
IS.
60%
is
60%
IT
60%
IT!
60%
IT!!
60%
IT!!!
60%
[[It
60%
It
60%
IT,
60%
IT.
60%
JACKET????
60%
KID,
60%
LAUGHTER]]
60%
LIGHT Ner
60%
LITTLE
60%
[[little
60%
little
60%
[[Little
60%
NEED
60%
NEED.
60%
NEVER
60%
[[Next
60%
No,
60%
NOT
60%
Not?!?!]]
60%
OF
60%
OF,
60%
Of
60%
of]]
60%
OR
60%
Or
60%
OUR
60%
[[Our
60%
PARDON
60%
picking]]
60%
PIPE
60%
PLACE.
60%
Plaything]]
60%
REALIZE
60%
REALLY
60%
[[Riiipe
60%
SEE
60%
SEE?
60%
SHOP!
60%
SHOT!!!]]
60%
SHOT]]
60%
SO
60%
sponge]]?
60%
SPONGE??
60%
SPONGE
60%
SWEET
60%
TAKE
60%
Take
60%
TELL
60%
THAT
60%
THEN
60%
[[UNINTELLIGIBLE
60%
US
60%
W4NT
60%
WANNA
60%
WANT
60%
Want
60%
WANT.
60%
WE
60%
WE'LL
60%
We'll
60%
[[Well
60%
WELL
60%
WE'VE
60%
WHAT
60%
WHEN
60%
WILL
60%
YOUR
60%
Your
60%
05:06
40%
1
40%
1!!!
40%
1997]]
40%
2,
40%
3,
40%
4,
40%
[[$4,99]]
40%
[[Abandoned
40%
ABOUT
40%
ACKNOWLEDGE,
40%
ADDERALL?
40%
ADS
40%
ADVERTISM
40%
Afraid]]
40%
AIN'T
40%
[[All
40%
ALL
40%
All
40%
Alone
40%
ALREADY!!
40%
AMID
40%
ANY
40%
anyone
40%
APPRAISING
40%
ARE?
40%
ARE
40%
Area]]
40%
Around
40%
AWARE
40%
BACK!!
40%
BACK
40%
BACKGAMMON?
40%
BAG?
40%
BAGPIPES??
40%
barrel,
40%
BASKET
40%
BATH?
40%
BATH
40%
BED????
40%
BED
40%
[[Being
40%
BEST
40%
[[Best
40%
BIGGER,
40%
BITTY
40%
Blocked]].
40%
BOAT?
40%
BOAT
40%
BOX???
40%
BOX
40%
Brands]]
40%
BUCKLE
40%
BUDDY,
40%
BUDDY'S
40%
BUMPER,
40%
Burns!
40%
Burns!]]
40%
[[Butter
40%
BUY
40%
CALIBRE
40%
CALL
40%
CANCEL
40%
[[CAPITAL
40%
CATACLYSM
40%
CATALOGUE
40%
CATALYST.
40%
CATAMARAN????
40%
CATATONIC
40%
CATCHUP???
40%
CATEGORICALLY
40%
CATEGORIES
40%
[[Cavalcade
40%
CEASELESS
40%
CHAINS?
40%
CHAINSAWS??
40%
CHAIR???
40%
CHAIR
40%
CHANCE
40%
CHOKE
40%
Chum!]]
40%
Churned]]
40%
[[Circa
40%
CITY!!!
40%
CLICK…
40%
[[Closing
40%
closing]]
40%
COLLAR???
40%
COLORADO????
40%
COMES
40%
COMFORTABLY
40%
[[Communion]]
40%
COMMUNITY.
40%
CONTROL?
40%
COOKIES
40%
COS
40%
COULD
40%
COULDN'T
40%
crackers
40%
CRACKLE
40%
CRAVINGS,
40%
[[Cungadero]]
40%
CYBER
40%
DAD
40%
DAMNED…
40%
DAY,
40%
DELICIOUS
40%
Demand]]!
40%
DEMOGRAPHIC
40%
DESPISE
40%
[[Discounts]]
40%
(discovered
40%
DOG??
40%
DOG
40%
DOORSTOP??
40%
DOWN
40%
DOWN?
40%
[[Drain]]
40%
[[Drain]]??
40%
DREAMED
40%
DROP
40%
EARN
40%
ECSTATIC,
40%
EGG
40%
EGGS??
40%
EITHER
40%
E_MAIL
40%
[[Encyclopedia
40%
END
40%
engraving]
40%
[[Enquire
40%
EV3RY
40%
EVEN
40%
EVER
40%
EVERY
40%
EVERYBODY
40%
EVERYBODY'S
40%
EXPLORE,
40%
[[Extended
40%
Eyes]]
40%
FACT
40%
FAD,
40%
FADING
40%
FASHION,
40%
FAVORITE
40%
Favorite
40%
FEEDING
40%
FEEL
40%
FEELING?
40%
FEES
40%
FEET
40%
Fine]]!
40%
FIRE
40%
FIRST
40%
FLAP?
40%
flypaper]]!
40%
FOLLOW
40%
FOUR
40%
FOURTH
40%
FRIEND,
40%
FRIEND
40%
FRIENDS?
40%
FRIENDS
40%
FROM
40%
[[Funky]]
40%
Furniture!!!]]
40%
GARBAGE
40%
GENERAL
40%
GET
40%
GET!!
40%
GIFT
40%
GLAD
40%
GLEEFULLY
40%
GLISTENING!
40%
GLUM
40%
GODDAM
40%
GOLD
40%
GONE
40%
[Gone
40%
GONNA
40%
GOOD
40%
GOTTA
40%
Gotta
40%
GRAB
40%
GRABBED
40%
GRABBING
40%
GRAND
40%
GRAVE
40%
GREEN
40%
GREY
40%
GUESS
40%
GUY,
40%
GUY!
40%
HABIT
40%
HACK
40%
HAD
40%
HADS
40%
HALF
40%
HAM
40%
HAND,
40%
HANDS
40%
HATES
40%
HAVE
40%
HAVEN'T,
40%
HAVEN'T
40%
HAVEN'TS
40%
HAVES
40%
HAVING
40%
[[HeartShapedObject]]
40%
HE'LL
40%
Help
40%
Help…
40%
HELP
40%
[[High
40%
[[Hochi
40%
HOLY
40%
[[Honestly]]
40%
HOT
40%
HUMANS
40%
HUMDRUM
40%
[[Hyperlink
40%
I'LL
40%
I'M
40%
INBOX
40%
INDICATED
40%
[[Insurance!!!]]
40%
INTO
40%
INVEST
40%
INVESTING
40%
ISN'T
40%
IT'LL
40%
IT'S
40%
ITS
40%
JACKDAW?
40%
JUST
40%
Just
40%
KEBAB-
40%
KEY
40%
KIDDING?
40%
KINDA
40%
KINDNESS
40%
KITTY
40%
KNOW
40%
Know
40%
KROMER
40%
LACKING
40%
LAST
40%
Late
40%
LEARN
40%
LEGALLY
40%
LEND
40%
LETHALLY
40%
LIFE
40%
LIKE
40%
LIQUIDATION,
40%
LIST.
40%
LISTEN
40%
LISTENING.
40%
LIVE
40%
LIVING
40%
LOOKS
40%
LOST
40%
LUCKY!
40%
LUCKY!!
40%
LUCKY!!!
40%
MADE
40%
MAJOR
40%
MAKE
40%
Mama]]
40%
MAN
40%
MANICALLY
40%
Me!
40%
ME…
40%
ME
40%
me?
40%
MESS?
40%
MIGHTY
40%
MIKE
40%
… … Mike…
40%
… Mike…?
40%
MILK
40%
milk
40%
MODEL
40%
MODERN
40%
MOIST,
40%
Mom!)
40%
MONEY
40%
MORE?!
40%
MORE ,
40%
MOUTHFUL!!!
40%
MY
40%
My
40%
MY$ELF
40%
[Neat
40%
needless
40%
Night?]]
40%
Notch]]
40%
NOTHING
40%
NOW
40%
[[Number
40%
NUMBER
40%
OFFER
40%
OFFERS
40%
On
40%
ON
40%
ONCE!!!
40%
one
40%
ONE
40%
ONLINE
40%
ONLY
40%
OUT
40%
Ow!
40%
PACKING
40%
PAID
40%
pan]
40%
PANIC
40%
PATRONIZE
40%
PHRASING
40%
pickel
40%
pickles
40%
PICS
40%
PIECE
40%
PING
40%
Plan]]
40%
PLANS.
40%
PLASTIC
40%
plate
40%
Please!
40%
PLUCK
40%
PLUSH?
40%
PLUSH
40%
POCKET!!!
40%
POLICY!
40%
PONCHOS???
40%
PONG??
40%
POVERTY?
40%
PRESENCE
40%
PRICE,
40%
Prices
40%
Product]]
40%
PROPERLY!!
40%
PROUD
40%
PROVE
40%
Rated
40%
RATINGS
40%
RAVING,
40%
REGIONAL
40%
REGISTERS
40%
RING!!!
40%
RING.
40%
RISK]]
40%
SAD
40%
SALE
40%
SALES,
40%
Salesman]]
40%
[[Savings]]
40%
Savings]]!!
40%
SAY
40%
SAYS
40%
SCARED
40%
SCHISM
40%
Score!]]
40%
SCREAMING
40%
SCREEN
40%
SEARCHED
40%
[[Seasonal
40%
SECRET..?
40%
SECRET'S
40%
SEEM
40%
SEEMS
40%
SHELVES
40%
SHINING
40%
SHIPPING!!
40%
SHISH
40%
SHOE??
40%
SHOESTRING???
40%
[[Silly
40%
Sir]]!!!
40%
SKIPPING
40%
SLEEPING.
40%
slime]]
40%
[Smooth
40%
SOMETHING
40%
SOON
40%
Specil
40%
SPEND
40%
STATIC
40%
Step
40%
STEP
40%
STOCK!!!
40%
Stop!
40%
[[Stop!
40%
STOPWATCH?
40%
STORE
40%
store
40%
STORE!
40%
String]]!
40%
STRING
40%
STUFF
40%
sugar
40%
SUPER,
40%
SURE…
40%
SURPASS
40%
SURPRISE
40%
SWING
40%
SWORDFISH-
40%
TAG,
40%
TALK
40%
TAP
40%
Taste]
40%
TELEPHONE
40%
TELLING
40%
Territory!]]
40%
THAT'RE
40%
That's
40%
THEIR
40%
THERE
40%
THERE;S
40%
THERE'S
40%
THEY'RE
40%
Thing]]?
40%
THINK
40%
THIRD
40%
THIS
40%
THOSE
40%
THOUGHTS,
40%
THROUGH
40%
TILL
40%
TIP!
40%
TIPPY
40%
TO
40%
To
40%
Today!]]
40%
too
40%
[[Top
40%
Town!!]]
40%
TOY??
40%
TOY
40%
TRADING
40%
TRAFFIC
40%
TRAGIC
40%
TRASH
40%
trick
40%
Tri-State
40%
TROUBLE
40%
TRUE
40%
[[Twelve
40%
TWO
40%
UNAWARE
40%
UP!
40%
UP
40%
USED
40%
VERY
40%
[[Very
40%
VIOLENTS
40%
Warranty]]!.
40%
WAS
40%
WASN'T
40%
WATCH
40%
weird
40%
[[WHADAYATALK?]]
40%
WHEELS!!!
40%
WHILE
40%
WHO;S
40%
WHY
40%
WINE????
40%
WIRED
40%
WISH
40%
WITH
40%
with
40%
WOAH !!
40%
WORD,
40%
[[Worm]]
40%
WRAP
40%
YEAR,
40%
YES
40%
[[Yes
40%
YOU'D
40%
YOU'LL
40%
YOU'RE
40%
YOURS!!
40%
YOU'VE
40%
YUM!
40%
No matching quizzes found
Score Distribution
Percent of People with Each Score
Percentile by Number Answered
Your Score History
You have not taken this quiz